Widok standardowy
Widok MARC
Pozycja Personal Name
Liczba rekordów, w których użyto hasła: 1
001 - Numer kontrolny
- control field: 40515
003 - Identyfikator numeru kontrolnego
- control field: NUKAT
005 - Data i czas ostatniej modyfikacji
- control field: 20260425103010.0
008 - Dane kontrolne kodowane (40 znaków)
- fixed length control field: 000810n||a|znnaabn |a aaa |c
010 ## - Numer kontrolny Biblioteki Kongresu
- numer kontrolny LC: n 00068009
024 7# - OTHER STANDARD IDENTIFIER
- Standard number or code: 161415010
- Source of number or code: viaf
024 7# - OTHER STANDARD IDENTIFIER
- Standard number or code: 0000000111125261
- Source of number or code: isni
024 7# - OTHER STANDARD IDENTIFIER
- Standard number or code: Q110177062
- Source of number or code: wikidata
040 ## - Instytucja sporządzająca rekord
- inst. przygot. dane do rek. khw: LUBL 58/LK
- język haseł przedmiotowych/tezaurus: kaba
- inst. wprow. rek. khw: LUBL 58/LK
- inst. modyf. rek. khw: KR U/mal
046 ## - Special dates
- Birth date: 1912
- Death date: 1940
100 1# - Hasło - nazwa osobowa
- nazwa osobowa w formie ujednoliconej: Kostołowski, Erazm
- daty biograficzne: (1912-1940).
670 ## - Źródło informacji
- źródło informacji: Kp. Studia nad kwestią włościańską w latach 1846-1864 ze szczególnym uwzględnieniem literatury politycznej / Erazm Kostołowski. - Lwów, 1938.
670 ## - Źródło informacji
- źródło informacji: BNPol online